| 000 | 01081cad a22002415a 4500 | ||
|---|---|---|---|
| 001 | L159436 | ||
| 008 | 130516s2017 xxk f 000 0 eng d | ||
| 020 | _a9781783211555 | ||
| 035 | _a(Sirsi) u159436 | ||
| 041 | 0 | _aeng | |
| 110 | 2 |
_aRoyal Institution of Chartered Surveyors _94900 |
|
| 245 | 0 | 0 |
_aSurveying assets in the built environment _h[electronic resource] |
| 260 |
_aLondon _cRICS _b2017 |
||
| 300 | _a17p. | ||
| 490 | 0 | _aRICS Guidance Note | |
| 520 | _aProvides a professional practitioner or individual commissioned to undertake a survey with outlined guidance on fulfilling elements of a client's brief, along with unique aspects arising from the myriad of asset type and their usages. Effective from 1st April 2017. | ||
| 590 | _aKA | ||
| 651 | 4 | _aUnited Kingdom | |
| 690 |
_aBuilding surveying _96225 |
||
| 690 |
_aSurvey reports _96270 |
||
| 856 | 4 | 0 |
_uhttps://www.rics.org/profession-standards/rics-standards-and-guidance/sector-standards/building-surveying-standards/surveying-assets-in-the-built-environment _zView free on www.rics.org |
| 942 |
_n0 _2ddc |
||
| 999 |
_c115897 _d115897 |
||